000 00666nam a2200253Ia 4500
001 29140
005 20240114001120.0
007 ta
008 060622s 198 g b000 u 465 u
040 _aCotton College,Assam
041 _a465
082 _a910
_bCh 361 Ge
100 _aChanda, R.C. .
245 0 _aA Geography of Population /
_cR.C. Chanda.
_hTextual Documents
250 _a1st ed. /
260 _aNew Delhi :
_bKalyani Publisher ,
_cC 1986.
300 _a243p. ;
_c22cm.
653 _aGeography-Population
653 _aPopulation-Geography
653 _aG-Geography
942 _2ddc
_cBK
999 _c29122
_d29122